UBT Library

Major problems in American immigration and ethnic history : (Record no. 1287)

000 -LEADER
fixed length control field 00515nam a22001697a 4500
008 - FIXED-LENGTH DATA ELEMENTS--GENERAL INFORMATION
fixed length control field 151015b xxu||||| |||| 00| 0 eng d
020 ## - INTERNATIONAL STANDARD BOOK NUMBER
International Standard Book Number 0395815320
041 0# - LANGUAGE CODE
Language code of text/sound track or separate title eng
080 ## - UNIVERSAL DECIMAL CLASSIFICATION NUMBER
Universal Decimal Classification number 94(7/8)
245 00 - TITLE STATEMENT
Title Major problems in American immigration and ethnic history :
Statement of responsibility, etc edited by Jon Gjerde.
260 ## -
-- c1998.
-- Boston :
-- Houghton Mifflin,
300 ## -
-- xvii, 486 f. ;
-- me il.;
-- 24 cm.
650 #0 -
-- Historia
-- Amerika
650 #0 -
-- Imigrantët
700 1# -
-- Gjerde, Jon,
942 ## - ADDED ENTRY ELEMENTS (KOHA)
Source of classification or shelving scheme
Item type Books
Holdings
Withdrawn status Lost status Source of classification or shelving scheme Damaged status Not for loan Collection code Permanent location Current location Shelving location Date acquired Total Checkouts Full call number Barcode Date last seen Koha item type
          Koleksioni i përgjithshem UBT - Prishtine UBT - Prishtine Koleksioni i përgjithshem 10/15/2015   94(7/8) GJE 002-008762 10/15/2015 Books
UBT Library © 2015-2024. All rights reserved University Education for Business and Technology